| 000 | 00704nam a2200205 a 4500 | ||
|---|---|---|---|
| 001 | 000009167 | ||
| 005 | 20200929161515.0 | ||
| 008 | 090928s1955 dr r 000 0 spa d | ||
| 040 |
_aDO-SdBNP _bspa _cBNPHU |
||
| 082 |
_aRD861.3 _bD218S |
||
| 100 | 1 |
_aSánchez, Juan Fco. _D1867-1916 _912770 |
|
| 245 | 1 | 0 |
_aDe la métrica en Rubén Darío / _cJuan Fco. Sánchez. |
| 260 |
_aCiudad Trujillo, República Dominicana : _bPol Hermanos, _c1955. |
||
| 300 |
_a64 p. ; _c17 cm. |
||
| 590 | _aInventariado, 2018/ YL | ||
| 600 | 1 | 4 |
_aDÁRIO, RÚBEN _xCRÍTICA E INTERPRETACIÓN _923840 |
| 650 | 4 |
_aPoesía nicaraguense _98179 |
|
| 650 | 4 |
_aLiteratura nicaraguense _98180 |
|
| 910 | _aValidado. Control de calidad MFF | ||
| 999 |
_c8931 _d8931 |
||